000 01141nam a22002657a 4500
003 OSt
005 20250318130947.0
008 240126b ||||| |||| 00| 0 eng d
040 _c0
082 _aDPer 621.317 Ie21 January 2022 v.37 n. 1
100 _aWu, Yuheng.
_eauthor.
_950891
245 _aAdaptive extremum seeking control based LCL filter resonant frequency online estimation /
_cYuheng Wu, Mohammad Hazzaz Mahmud, Radha Sree Krishna Moorthy, Madhu Chinthavali, and Yue Zhao.
260 _aNew York ;
_bThe Institute of Electrical and Electronics Engineers, Inc.,
_cJanuary 2022.
300 _avolume 37, pages 59-64,
_billustration.
500 _aIEEE Transactions on Power Electronic, v. 37 n. 1, pages 59-64, January 2022.
650 _aElectronics.
_957022
650 _aElectric controllers.
_911715
650 0 _a Frequency estimation.
_965715
700 _aWu, Yuheng.
_eauthor.
_950891
700 _aMahmud, Mohammad Hazzaz.
_eauthor.
_950892
700 _aMoorthy, Radha Sree Krishna.
_eauthor.
_950893
700 _aChinthavali, Madhu.
_eauthor.
_950894
700 _aZhao, Yu.
_eauthor.
_950895
942 _2ddc
_cPER
999 _c18789
_d18789